000 01501cam a2200217 4500
001 L157228
008 061020n2006 000 0 eng u
022 _a9780080966915
035 _a(Sirsi) u157228
041 0 _aeng
100 1 _aBaum, Andrew
245 0 4 _aThe income approach to property valuation
_h[electronic resource]
260 _bTRoutledge Ltd
_c2012
520 _aThis classic text has been updated to meet the needs of today's students. It has been revised in line with the 2011 seventh edition of the RICS Valuation Standards and covers the latest valuation techniques including the important area of investment appraisals. It will help readers understand the complex world of property valuation, in particular: how to analyze market rents and sales prices to derive market evidence to support an opinion of market value the investment method of valuation and how it's applied in practice how specific legal factors can impact on market value when they interfere with market forces what the market and the profession may consider to be the 'right' methodology in today's market place how to use spreadsheets in valuation. This new edition places a particular emphasis on investment valuations and the impact of landlord and tenant relationships on value.
590 _aKA
650 2 4 _aEBOOK
651 4 _aUnited Kingdom
_y
690 _avALUATION
_96273
856 4 8 _uhttps://www.vlebooks.com/
_zView on VLEbooks. Logins for members only from [email protected]
942 _n0
999 _c114661
_d114661